| 000 | 00710nam a22002417a 4500 | ||
|---|---|---|---|
| 999 |
_c174471 _d174471 |
||
| 005 | 20200618121928.0 | ||
| 010 | _aENG-128208 | ||
| 020 | _c170.00 | ||
| 035 | _aEN-111740 | ||
| 037 | _bDBAD/PUB | ||
| 082 | _a170.00 | ||
| 100 | _aGoud,S.Limba | ||
| 245 |
_aB.A Public Finance and International Economics/ _cby S.Limba Goud...[etall.];N.Vijaya |
||
| 260 |
_aHyderabad _bTelugu Akademi _c2018 |
||
| 270 |
_aTelugu Akademi Himayatnagar Hyderabad _bHyderabad _e500029 _minfo@teluguacademy.net |
||
| 300 |
_a433p. _c23cm(pbk) |
||
| 700 | _aRao,Babu | ||
| 700 | _aM.Erragatu Swamy | ||
| 700 | _aK.Padmalatha | ||
| 700 | _aM.Bhagyalaxmi | ||
| 700 | _aVijaya,N | ||
| 942 |
_2ddc _cEN _h836 |
||